| 000 | 00700naa a2200217 a 4500 | ||
|---|---|---|---|
| 005 | 20250513063842.0 | ||
| 008 | 991125s1935 mx 000 0 spa u | ||
| 035 | _aUPN01000000018 | ||
| 049 | _aSEP | ||
| 050 | 4 |
_aPN1978 M6 _bM7.7 |
|
| 100 | 1 | _aMuñoz Cota, José | |
| 245 | 1 | 0 |
_a3 comedias infantiles para teatro guignol / _cJosé Muñoz Cota. |
| 260 |
_aMéxico : _bSEP : _bINBA, _c1935. |
||
| 300 | _a58 p. | ||
| 505 | 8 | _aContenido: Comino vence al diablo -- El gigante -- Comino va a la huelga | |
| 506 | _aDisponible en la Colección Medina | ||
| 650 | 4 |
_aTeatro _zMéxico _912553 |
|
| 650 | 7 |
_aTeatro escolar infantil _2 _96353 |
|
| 650 | 2 |
_aTíteres y teatro de títeres _920000 |
|
| 905 | _aLibro | ||
| 999 |
_c18 _d18 |
||